[Event "SVK-ch Seniors-A"]
[Site "Tatranske Matliare"]
[Date "2011.05.??"]
[Round "1"]
[White "Kovacic, Stefan"]
[Black "Goga, Frantisek"]
[Result "1/2-1/2"]
[WhiteElo "1790"]
[BlackElo "1998"]
[PlyCount "79"]
[EventDate "2011.05.27"]
[EventType "swiss"]
[EventRounds "9"]
[EventCountry "SVK"]
[SourceTitle "EXT 2023"]
[Source "ChessBase"]
[SourceDate "2022.10.05"]
[SourceVersion "1"]
[SourceVersionDate "2022.10.05"]
[SourceQuality "1"]

1. e4 c5 2. Nc3 Nc6 3. g3 g6 4. Bg2 Bg7 5. Nge2 d6 6. 0-0 e5 7. d3 Nge7 8. f4 exf4 9. Nxf4 0-0 10. Nfd5 Nxd5 11. Nxd5 Be6 12. Nf4 Qb6 13. c3 Ne5 14. Kh1 Qb5 15. Qc2 h6 16. Be3 Rad8 17. b3 g5 18. Nxe6 fxe6 19. Rad1 Rxf1+ 20. Bxf1 Rf8 21. c4 Qe8 22. d4 Ng4 23. Bg1 cxd4 24. h3 Ne3 25. Bxe3 dxe3 26. Qe2 Rf2 27. Qxe3 Qf8 28. Be2 Be5 29. Rg1 Qf6 30. Rg2 Rxg2 31. Kxg2 Bd4 32. Qf3 Qe5 33. Bd3 Bb6 34. Qg4 Qb2+ 35. Qe2 Qd4 36. Qf1 Qb2+ 37. Qe2 Qa1 38. Kf3 Kg7 39. Kg4 Qf6 40. e5 1/2-1/2

[Event "SVK-ch Seniors-A"]
[Site "Tatranske Matliare"]
[Date "2010.06.06"]
[Round "1"]
[White "Kovacic, Stefan"]
[Black "Sajtlava, Igor"]
[Result "1/2-1/2"]
[WhiteElo "1744"]
[BlackElo "1924"]
[PlyCount "30"]
[EventDate "2010.06.06"]
[EventType "swiss"]
[EventRounds "9"]
[EventCountry "SVK"]
[SourceTitle "EXT 2023"]
[Source "ChessBase"]
[SourceDate "2022.10.05"]
[SourceVersion "1"]
[SourceVersionDate "2022.10.05"]
[SourceQuality "1"]

1. e4 c5 2. Nc3 Nc6 3. g3 g6 4. Bg2 Bg7 5. Nge2 d6 6. 0-0 e6 7. d3 Nge7 8. Be3 Nd4 9. Bg5 0-0 10. Nxd4 cxd4 11. Ne2 Re8 12. Bd2 Bd7 13. f4 Bc6 14. a3 Rc8 15. Kh1 Kh8 1/2-1/2

[Event "SVK-ch Seniors-A"]
[Site "Tatranske Matliare"]
[Date "2010.06.??"]
[Round "7"]
[White "Matusek, Jan"]
[Black "Kovacic, Stefan"]
[Result "0-1"]
[WhiteElo "1802"]
[BlackElo "1744"]
[PlyCount "98"]
[EventDate "2010.06.06"]
[EventType "swiss"]
[EventRounds "9"]
[EventCountry "SVK"]
[SourceTitle "EXT 2023"]
[Source "ChessBase"]
[SourceDate "2022.10.05"]
[SourceVersion "1"]
[SourceVersionDate "2022.10.05"]
[SourceQuality "1"]

1. e4 e5 2. Nf3 Nc6 3. Bb5 a6 4. Bxc6 dxc6 5. c4 Bd6 6. 0-0 Nf6 7. d3 b6 8. h3 c5 9. Bg5 h6 10. Bh4 Qe7 11. Nc3 c6 12. a4 Qe6 13. Nh2 0-0 14. b3 Nh7 15. Ne2 Qg6 16. Kh1 f5 17. f3 Qh5 18. Bf2 f4 19. Ng1 a5 20. Ng4 Ng5 21. Be1 Qg6 22. Qe2 h5 23. Nh2 Ne6 24. Bc3 Ra7 25. Qf2 Qf6 26. g4 fxg3 27. Qxg3 Nf4 28. Rad1 Qh6 29. Bd2 g6 30. Bxf4 exf4 31. Qf2 g5 32. h4 Rg7 33. hxg5 Rxg5 34. Qe2 Kh8 35. Rf2 Rfg8 36. Ng4 Bxg4 37. fxg4 Rxg4 38. Nh3 Rg3 39. Rf3 Rxf3 40. Qxf3 Rg3 41. Qf1 h4 42. Rd2 f3 43. Rh2 Kg7 44. Nf2 Be5 45. Nh3 Qe3 46. Nf2 Bd4 47. Nh3 f2 48. Nxf2 Qf3+ 49. Rg2 h3 0-1